Sports Quiz

Random Sports or MLB Quiz

1973 Topps Baseball Hall of Famers Quiz Stats

 Plays Quiz not verified by Sporcle

Challenge
Share
Tweet
Embed
Score 0/56 Timer 05:00
0 Plays Today
Card # Player % Correct
90Brooks Robinson
98.3%
175Frank Robinson
97.8%
380Johnny Bench
96.5%
350Tom Seaver
96.3%
160Jim Palmer
96%
230Joe Morgan
96%
255Reggie Jackson
96%
300Steve Carlton
96%
50Roberto Clemente
95.5%
410Willie McCovey
95.3%
115Ron Santo
95.1%
100Hank Aaron
95%
245Carl Yastrzemski
95%
170Harmon Killebrew
94.8%
370Willie Stargell
94.5%
190Bob Gibson
93.8%
193Carlton Fisk
93.8%
330Rod Carew
93.3%
220Nolan Ryan
93.1%
200Billy Williams
92.8%
615Mike Schmidt
92.8%
179Dick Williams
92.6%
275Tony Perez
92.3%
305Willie Mays
92.1%
280Al Kaline
91.8%
180Fergie Jenkins
91.6%
10Don Sutton
90.6%
235Jim 'Catfish' Hunter
90.6%
Card # Player % Correct
503Phil Niekro
90.6%
296Sparky Anderson
90.1%
136Earl Weaver
89.3%
320Lou Brock
89.1%
480Juan Marichal
85.6%
400Gaylord Perry
82.6%
474Babe Ruth
82.6%
476Walter Johnson
81.9%
472Lou Gehrig
81.1%
84Rollie Fingers
80.9%
450Joe Torre
80.6%
471Ty Cobb
78.7%
569Walter Alston
76.7%
165Luis Aparicio
74.4%
81Ernie Banks
74.2%
257Yogi Berra
73.7%
477Cy Young
71%
569Tommy Lasorda
69.2%
174Rich 'Goose' Gossage
64.3%
497Red Schoendienst
62.5%
237Eddie Mathews
59.3%
199Bert Blyleven
55.8%
545Orlando Cepeda
54.8%
549Whitey Herzog
47.6%
517Bill Mazeroski
42.9%
624Leo Durocher
42.4%
449Warren Spahn
27%
377Larry Doby
23.3%

You're not logged in!

Compare scores with friends on all Sporcle quizzes.
Join for Free
OR
Log In

You Might Also Like...

Show Comments

Extras

Top Quizzes Today


Score Distribution

Your Account Isn't Verified!

In order to create a playlist on Sporcle, you need to verify the email address you used during registration. Go to your Sporcle Settings to finish the process.

Report this User

Report this user for behavior that violates our Community Guidelines.

Details: